Compendio de Química Fisiológica / (Record no. 78506)

MARC details
000 -LEADER
campo de control de longitud fija 00666nam a2200205 i 4500
001 - NÚMERO DE CONTROL
campo de control 78506
003 - IDENTIFICADOR DE NÚMERO DE CONTROL
campo de control ES-MaACL
005 - FECHA Y HORA DE LA ÚLTIMA TRANSACCIÓN
campo de control 20231227192103.0
007 - CAMPO FIJO DE DESCRIPCIÓN FÍSICA--INFORMACIÓN GENERAL
campo de control de longitud fija t|
008 - DATOS DE LONGITUD FIJA--INFORMACIÓN GENERAL
campo de control de longitud fija 041014s1953 sp ||||1| spa d
100 1# - ENTRADA PRINCIPAL--NOMBRE DE PERSONA
Nombre de persona Harper, Harold A.
9 (RLIN) 61882
245 10 - MENCIÓN DEL TÍTULO
Título Compendio de Química Fisiológica /
Mención de responsabilidad, etc. Harold A. Harper ; prólogo de F. Grande Covián ; traducción de José Sopeña.
250 ## - MENCION DE EDICION
Mención de edición 1ª ed.
260 ## - PUBLICACIÓN, DISTRIBUCIÓN, ETC.
Lugar de publicación, distribución, etc. Madrid :
Nombre del editor, distribuidor, etc. Morata,
Fecha de publicación, distribución, etc. 1953 (
Fabricante Montaña)
300 ## - DESCRIPCIÓN FÍSICA
Extensión 373 p. ;
Dimensiones 23 cm.
700 1# - ENTRADA AGREGADA--NOMBRE PERSONAL
Nombre de persona Grande Covián, Francisco,
Fechas asociadas al nombre 1909-1995
9 (RLIN) 59588
700 0# - ENTRADA AGREGADA--NOMBRE PERSONAL
Nombre de persona Sopeña Boncompte, José.
9 (RLIN) 107318
852 ## - LOCALIZACIÓN
Ubicación ES-MaACL
Número de control de estantería D-9133
Sublocalización o colección R.34435
Holdings
Estatus retirado Estado de pérdida Estado de daño No para préstamo Biblioteca de origen Biblioteca actual Ubicación en estantería Fecha de adquisición Fuente de adquisición Total de préstamos Signatura topográfica completa Código de barras Visto por última vez Precio de reemplazo Tipo de ítem Koha
        Biblioteca del Ateneo de Madrid Biblioteca del Ateneo de Madrid Sala Valle Inclán 17/01/2008     D-9133 901082114 23/02/2023 23/02/2023 Libro impreso